Fundamentos de nutrición normal /
Una obra que permite al profesional y al alumno actualizarse en cuanto a conocimientos científicos relacionados con los macronutrientes, micronutrientes y elementos trazas. Transmite los conceptos fundamentales con respecto a sus funciones, digestión, absorción, biodisponibilidad, metabolismo, toxic...
Guardado en:
| Autor Principal: | |
|---|---|
| Otros Autores: | |
| Formato: | Libro |
| Idioma: | Undetermined |
| Publicado: |
Buenos Aires :
El Ateneo,
2010.
|
| Edición: | 1era ed. |
| Materias: | |
| Etiquetas: |
Agregar Etiqueta
Sin Etiquetas, Sea el primero en etiquetar este registro!
|
| LEADER | 01125nam a22002655a 4500 | ||
|---|---|---|---|
| 001 | CEM.cems025185 | ||
| 008 | 260518s2010####ag#a##########000#0#und#d | ||
| 005 | 20260519090237.0 | ||
| 245 | 1 | 0 | |a Fundamentos de nutrición normal / |c Laura Beatriz López y Marta María Suárez. |
| 250 | |a 1era ed. | ||
| 260 | |a Buenos Aires : |b El Ateneo, |c 2010. | ||
| 300 | |a 429 p. : |b il. ; |c 23 cm. | ||
| 520 | |a Una obra que permite al profesional y al alumno actualizarse en cuanto a conocimientos científicos relacionados con los macronutrientes, micronutrientes y elementos trazas. Transmite los conceptos fundamentales con respecto a sus funciones, digestión, absorción, biodisponibilidad, metabolismo, toxicidad, alimentos fuente y necesidades diarias. | ||
| 020 | |a 9500204045 | ||
| 100 | 1 | |a López, Laura Beatriz, |d 2010. | |
| 700 | 1 | |a Suárez, Marta María. | |
| 082 | 0 | 4 | |a 613.2 |
| 653 | |a Alimentación | ||
| 653 | |a Dietas | ||
| 653 | |a Carbohidratos | ||
| 653 | |a Proteínas | ||
| 653 | |a Lípidos | ||
| 653 | |a Vitaminas | ||
| 653 | |a Enfermedades nutricionales | ||
| 859 | |a CEMS |b BIB. CEMS - Agricultura |h 613.2 |i L881 |p A4171.26 |t Ej.1 | ||
